Loading...
| Mythology | 0 | 4 | 0 | 0 | 40 | 29 | 62.25 | 2 | 3 | 0.00 | 0.00 |
| History - Other | 0 | 3 | 1 | 0 | 25 | 57 | 68.33 | 0 | 1 | 0.00 | 0.00 |
| Philosophy | 0 | 3 | 1 | 0 | 25 | 35 | 68.67 | 0 | 2 | 0.00 | 0.00 |
| Science - Physics | 0 | 2 | 0 | 1 | 20 | 50 | 73.00 | 0 | 1 | 0.00 | 0.00 |
| Social Science | 0 | 2 | 0 | 1 | 20 | 87 | 94.00 | 0 | 0 | 0.00 | 0.00 |
| Literature - World | 0 | 1 | 0 | 1 | 10 | 102 | 102.00 | 0 | 0 | 0.00 | 0.00 |
| Fine Arts - Painting and Sculpture | 0 | 1 | 0 | 0 | 10 | 88 | 88.00 | 0 | 0 | 0.00 | 0.00 |
| History - American | 0 | 1 | 0 | 0 | 10 | 86 | 86.00 | 0 | 0 | 0.00 | 0.00 |
| Current Events | 0 | 1 | 0 | 0 | 10 | 52 | 52.00 | 0 | 1 | 0.00 | 0.00 |
| Religion | 0 | 1 | 1 | 0 | 5 | 58 | 58.00 | 0 | 0 | 0.00 | 0.00 |
| Science - Biology | 0 | 1 | 1 | 0 | 5 | 56 | 56.00 | 0 | 1 | 0.00 | 0.00 |
| Science - Other | 0 | 2 | 3 | 1 | 5 | 84 | 96.00 | 0 | 0 | 0.00 | 0.00 |
| Popular Culture | 0 | 1 | 1 | 0 | 5 | 77 | 77.00 | 0 | 0 | 0.00 | 0.00 |
| Literature - American | 0 | 0 | 0 | 0 | 0 | 0.00 | 0 | 0 | 0.00 | 0.00 | |
| History - European | 0 | 1 | 2 | 0 | 0 | 65 | 65.00 | 0 | 0 | 0.00 | 0.00 |
| Geography | 0 | 0 | 1 | 0 | -5 | 0.00 | 0 | 0 | 0.00 | 0.00 | |
| Fine Arts - Other | 0 | 0 | 1 | 0 | -5 | 0.00 | 0 | 0 | 0.00 | 0.00 | |
| Fine Arts - Classical Music | 0 | 0 | 1 | 0 | -5 | 0.00 | 0 | 0 | 0.00 | 0.00 |